01782nam a2200313 a 4500001001000000005001700010008004100027041000800068044000700076084002000083100004500103245009500148260004300243300002800286500024700314500032600561500007500887500004300962500001001005650005201015650005601067650003401123650004501157700005101202700005801253700005301311700005401364740005001418BRCA_271120190320203932.0031208s1890----sp-a---###---#000-0dspa-u aspa asp a214b.J83c18901 aCervantes Saavedra, Miguel ded1547-161610aEl Ingenioso Hidalgo Don Quijote de la Manchaccompuesta por Miguel de Cervantes Saavedra. aMadridbSaenz de Jubera hermanosc1890 axv, 541 p.bil.c28 cm. aContenido : Primera parte. Escudo de la edición príncipe. Dedicatoria del autor. Nota de los editores. Retrato de Cervantes. Prólogo del autor. Versos preliminares. Texto. Segunda parte. Dedicatoria del autor. Prólogo del autor. Texto aEdición : Novísima edición con notas históricas, críticas y gramaticales de la Academia Española, Pellicer, Arrieta, Clemencín, Cuesta, Janer, etc. Aumentada con El Buscapié, anotado por D. A. de Castro, adornado con 300 grabados intercalados, láminas suletas y el retrato de del autor grabados en acero aEdición similar a la de 1889 de los mismos editores Lúdovik Osterk aIncluye indice : De láminas (p. 541) aQMB1314aNovela españolayÉpoca clásica, 1500-170014aLiteratura españolayÉpoca clásica, 1500-170014aNovela españolaySiglo XVII14aDon Quijote (Personaje ficticio)eNovela1 aCastro y Rossi, Adolfo ded1823-1898eAnotador1 aPellicer y Pilares, Juan Antoniod1738-1806eAnotador1 aGarcía Arrieta, Agustínd1775-1834eAnotador1 aClemencín y Viñas, Diegod1785-1834eAnotador0 aEl Ingenioso Hidalgo Don Quijote de la Mancha